000 00470nam a2200157 i 4500
001 64985
003 ES-MaACL
005 20230906165256.0
007 t|
008 040107s1970 sp ||||1| spa d
100 1 _aFrade Merino, Fernando.
_952056
245 1 3 _aEl momento de España en Oriente Medio /
_cFernando Frade Merino.
260 _aMadrid :
_b[s.n.,
_c1970] (
_fEosgraf)
300 _a182 p., 16 lám. :
_bil. ;
_c21 cm.
852 _aES-MaACL
_jC-39373
_bR.73758
999 _c64985
_d64985